000 00897nac a22002897a 4500
001 BR9300771
003 BR-BrBNA
005 20240105121407.0
008 230509b bl.|||m| |||| 00| 0 por d
040 _aBR-BrBNA
_bpor
_cBiblioteca Nacional de Agricultura
072 _aE70; K50
090 _a1160 BR9300771
100 1 _aPessoa, P.F.A. de P.
100 1 _aBandeira, C.T.
110 1 _aCentro Nacional de Pesquisa de Caju, Fortaleza, CE (Brasil)
_91758
245 1 _aGoma do cajueiro: nova alternativa de renda para a cajucultura nordestina
260 3 _aFortaleza, CE (Brasil):
_c1993.
300 _a2 p.
490 _aCaju Informativo - Centro Nacional de Pesquisa de Caju (Brazil)
_vv. 6(1)
_x
650 _aCaju
650 _aGoma
650 _aPreco
650 _aExtracao
650 _aPratico
909 _a202312
_bLúcia Elande
_c55
_dLúcia Elande
942 _2AGRIS
_n0
_cMS
999 _c285037
_d285037